El sector asegurador como inversor institucional y elemento estabilizador de la economía (Registro nro. 51452)
[ vista simple ]
| 000 -CABECERA | |
|---|---|
| Longitud fija campo de control | 01305nam a2200337 c 4500 |
| 001 - NÚMERO DE CONTROL | |
| Número de control | 51452 |
| 003 - IDENTIFICADOR DE NÚMERO DE CONTROL | |
| Identificador del número de control | ES-MaCES |
| 005 - FECHA Y HORA DE LA ÚLTIMA TRANSACCIÓN | |
| Fecha y hora de la última transacción | 20200123140204.0 |
| 008 - CAMPO FIJO DE DESCRIPCIÓN FIJA--INFORMACIÓN GENERAL | |
| Códigos de información de longitud fija | 200122s2017 sp | ||0 | spa d |
| 017 ## - NÚMERO DE REGISTRO DE DERECHOS DE AUTOR Y DEPÓSITO LEGAL | |
| Número de copyright o de depósito legal | M 220647-2017 |
| Agencia que asigna el número | DL |
| 040 ## - FUENTE DE CATALOGACIÓN | |
| Centro catalogador de origen | ES-MaCES |
| Lengua de catalogación | spa |
| Centro transcriptor | ES-MaCES |
| 245 03 - MENCIÓN DE TÍTULO | |
| Título | El sector asegurador como inversor institucional y elemento estabilizador de la economía |
| Resto del título | : panel de seguimiento del sector Asegurador de la Fundación de Estudios Financieros |
| 260 ## - PUBLICACIÓN, DISTRIBUCIÓN, ETC (PIE DE IMPRENTA) | |
| Lugar de publicación, distribución, etc. | [Madrid] |
| Nombre del editor, distribuidor, etc. | Fundación de Estudios Financieros |
| Fecha de publicación, distribución, etc. | 2017 |
| 300 ## - DESCRIPCIÓN FÍSICA | |
| Extensión | 36 p. |
| Dimensiones | 24 cm |
| 490 1# - MENCIÓN DE SERIE | |
| Mención de serie | Documentos de trabajo. Foros de debate de la Fundación |
| Designación de volumen o secuencia | 12 |
| 541 ## - NOTA DE LA FUENTE INMEDIANTE DE ADQUISICIÓN | |
| Forma de adquisición | Gratuito |
| 650 #4 - ASIENTO SECUNDARIO DE MATERIA--TÉRMINO DE MATERIA | |
| Término de materia o nombre geográfico como elemento inicial | seguros |
| 9 (RLIN) | 28121 |
| 650 #4 - ASIENTO SECUNDARIO DE MATERIA--TÉRMINO DE MATERIA | |
| Término de materia o nombre geográfico como elemento inicial | sector financiero |
| 9 (RLIN) | 30761 |
| 650 #4 - ASIENTO SECUNDARIO DE MATERIA--TÉRMINO DE MATERIA | |
| Término de materia o nombre geográfico como elemento inicial | inversión |
| 9 (RLIN) | 28141 |
| 650 #4 - ASIENTO SECUNDARIO DE MATERIA--TÉRMINO DE MATERIA | |
| Término de materia o nombre geográfico como elemento inicial | garantías de las inversiones |
| 9 (RLIN) | 28142 |
| 650 #4 - ASIENTO SECUNDARIO DE MATERIA--TÉRMINO DE MATERIA | |
| Término de materia o nombre geográfico como elemento inicial | fomento de las inversiones |
| 9 (RLIN) | 28144 |
| 650 #4 - ASIENTO SECUNDARIO DE MATERIA--TÉRMINO DE MATERIA | |
| Término de materia o nombre geográfico como elemento inicial | consecuencias económicas |
| 9 (RLIN) | 27082 |
| 650 #4 - ASIENTO SECUNDARIO DE MATERIA--TÉRMINO DE MATERIA | |
| Término de materia o nombre geográfico como elemento inicial | desarrollo económico |
| 9 (RLIN) | 27093 |
| 650 #4 - ASIENTO SECUNDARIO DE MATERIA--TÉRMINO DE MATERIA | |
| Término de materia o nombre geográfico como elemento inicial | evaluación del impacto |
| 9 (RLIN) | 30732 |
| 650 #4 - ASIENTO SECUNDARIO DE MATERIA--TÉRMINO DE MATERIA | |
| Término de materia o nombre geográfico como elemento inicial | España |
| 9 (RLIN) | 26964 |
| 653 10 - TÉRMINO DE INDEXACIÓN--NO CONTROLADO | |
| Término no controlado | Economía |
| 710 2# - ENCABEZAMIENTO SECUNDARIO--NOMBRE CORPORATIVO | |
| Nombre de entidad o nombre de jurisdicción como elemento inicial | Fundación de Estudios Financieros (Madrid) |
| Término indicativo de función | ed. |
| 9 (RLIN) | 3793 |
| 830 #0 - ENCABEZAMIENTO SECUNDARIO DE COLECCIÓN--TÍTULO UNIFORME | |
| 9 (RLIN) | 35099 |
| Título uniforme | Documentos de trabajo (Fundación de Estudios Financieros (Madrid)) |
| Designación de volumen o secuencia | 12 |
| Número de parte o sección de la obra | Foros de debate |
| 902 ## - CES. TIPO DE DOCUMENTO | |
| Tipodoc (006$c Sirtex) | DOC Literatura gris |
| 942 ## - ELEMENTOS KOHA | |
| Fuente de clasificaión o esquema | Clasificación propia del CES |
| Koha [por defecto] tipo de item | Monografías |
| Parte de clasificación | Economía |
| Número de registro | Signatura completa | Tipo de item de Koha |
|---|---|---|
| 091919 | DOC-0.0.-656 | Monografías |
